A vision of the future from the past : (Record no. 600)

MARC details
000 -LEADER
fixed length control field 00992cam a2200289 a 4500
001 - CONTROL NUMBER
control field 13652444
003 - CONTROL NUMBER IDENTIFIER
control field OSt
005 - DATE AND TIME OF LATEST TRANSACTION
control field 20230606112027.0
008 - FIXED-LENGTH DATA ELEMENTS--GENERAL INFORMATION
fixed length control field 040430s2002 ke a 000 0 eng
010 ## - LIBRARY OF CONGRESS CONTROL NUMBER
LC control number 2004360237
020 ## - INTERNATIONAL STANDARD BOOK NUMBER
International Standard Book Number 1899805109
035 ## - SYSTEM CONTROL NUMBER
System control number (DLC) 2004360237
040 ## - CATALOGING SOURCE
Original cataloging agency DLC
Transcribing agency DLC
Modifying agency DLC
042 ## - AUTHENTICATION CODE
Authentication code lcode
043 ## - GEOGRAPHIC AREA CODE
Geographic area code f-ke---
050 00 - LIBRARY OF CONGRESS CALL NUMBER
Classification number KSK1744
Item number 2002
082 00 - DEWEY DECIMAL CLASSIFICATION NUMBER
Classification number 342.026762
Item number KIH
100 1# - MAIN ENTRY--PERSONAL NAME
Personal name Kihoro, Wanyiri.
245 12 - TITLE STATEMENT
Title A vision of the future from the past :
Remainder of title essential public documents in the making of the new Kenya constitution /
Statement of responsibility, etc. edited with commentary by Wanyiri Kihoro ; foreword by S. Amos Wako.
260 ## - PUBLICATION, DISTRIBUTION, ETC. (IMPRINT)
Place of publication, distribution, etc. Nairobi, Kenya :
Name of publisher, distributor, etc. ABANTU for Development,
Date of publication, distribution, etc. c2002.
300 ## - PHYSICAL DESCRIPTION
Extent viii, 128 p. :
Other physical details col. ill. ;
Dimensions 25 cm.
650 #0 - SUBJECT ADDED ENTRY--TOPICAL TERM
Topical term or geographic name as entry element Constitutional history
Geographic subdivision Kenya
Form subdivision Sources.
710 2# - ADDED ENTRY--CORPORATE NAME
Corporate name or jurisdiction name as entry element ABANTU for Development.
906 ## - LOCAL DATA ELEMENT F, LDF (RLIN)
a 7
b cbc
c origode
d 3
e ncip
f 20
g y-gencatlg
942 ## - ADDED ENTRY ELEMENTS (KOHA)
Source of classification or shelving scheme Dewey Decimal Classification
Koha item type Books
Holdings
Withdrawn status Lost status Source of classification or shelving scheme Damaged status Not for loan Home library Current library Date acquired Total Checkouts Full call number Barcode Date last seen Price effective from Koha item type
    Dewey Decimal Classification     Bunge Tower Library Bunge Tower Library 06/06/2023   342.026762 KIH 10015218 06/06/2023 06/06/2023 Books
LIBRARY OPENING HOURS

When the Parliament is sitting: 8.00a.m - 7.00p.m or until the house adjourns
Mondays and Fridays and when the House is on Recess:  8.00a.m - 5.00p.m
Closed on Weekends and Public Holidays

Online Public Access Catalog (OPAC)
Website: http://www.parliament.go.ke
Bunge Library: https://libraryir.parliament.go.ke
Contact: library@parliament.go.ke | Tel no: (254-2)2221291 or 2848000 Ext 5043